التعليم في خدمة السلام / (Record no. 14505)
[ view plain ]
| 000 -الفاتح | |
|---|---|
| حقل البيانات ثابتة الطول | 00890nam a22001817a 4500 |
| 008 - عناصر البيانات ثابتة الطول - معلومات عامة | |
| حقل البيانات ثابتة الطول | 100719t1965 xxu||||| |||| 00| 0 ara d |
| 082 ## - رقم تصنيف ديوى العشرى | |
| رقم الطبعة | 22 |
| رقم المادة | ن ب هـ |
| رقم التصنيف | 379.209 |
| 100 1# - المدخل الرئيسى - إسم شخصى | |
| 9 (RLIN) | 16423 |
| الإسم الشخصى | نبهان، محمد ابراهيم |
| 245 ## - بيان العنوان | |
| العنوان | التعليم في خدمة السلام / |
| بيان المسئوليه,etc | محمد ابراهيم نبهان؛ تقديم ماهر نسيم. |
| 260 ## - PUBLICATION, DISTRIBUTION, ETC. (IMPRINT) | |
| مكان الناشر او الموزع | القاهرة : |
| اسم الناشر او الموزع | دار الكرنك ، |
| تاريخ النشر أو التوزيع | 1965. |
| 300 ## - الوصف المادى | |
| التعداد | 478 ص : |
| أبعاد الوعاء | 24 سم. |
| 504 ## - تبصرة ببليوجرافية | |
| تبصرة ببليوجرافية,الخ | يحتوي علي ارجاعات ببليوجرافية |
| 541 ## - تبصرة المصدر المباشر للتزويد | |
| مصدر التزويد | الف باء ؛ |
| طريقة التزويد | شراء ؛ |
| 650 0# - المدخل الاضافى بالموضوع-مصطلح موضوعى | |
| 9 (RLIN) | 16273 |
| مصطلح موضوعي أو اسم جغرافي كعنصر مدخل | التعليم |
| التقسيم الفرعي العام | تاريخ |
| التقسيم الفرعي الجغرافي | الدول العربية |
| 700 1# - المدخل الاضافى - اسم شخصى | |
| 9 (RLIN) | 16424 |
| الإسم الشخصى | نسيم، ماهر |
| الدور | مقدم |
| 942 ## - عناصر المدخل الإضافي( كوها) | |
| مصدر التصنيف او مخطط الترفيف | Dewey Decimal Classification |
| Koha [default] item type | Book - Borrowing |
| حالة التراجع | حالة الفقد | مصدر التصنيف او خطة الترفيف | حالة تلف | ليس للاعارة | مجموعات كوها | المكان الدائم | المكان الحالي | موقع الترفيف | تاريخ الاكتساب | Source of acquisition | رقم الاستدعاء | الباركود | Date last seen | نوع الوعاء |
|---|---|---|---|---|---|---|---|---|---|---|---|---|---|---|
| Dewey Decimal Classification | Alef-Baa | Central Library | Central Library | First floor | 19/07/2010 | 379.209 ن ب ه | 000021480 | 15/07/2025 | Book - Borrowing |